000 00818nam a2200181Ia 4500
008 151202s9999||||xx |||||||||||||| ||und||
082 _bPNVM-73262
100 _aबगे आशा/सानिया/सासणे भारत/बोकिल मिलिदं.
245 _aवाटा आणि मुक्काम.
260 _b"मौज प्रकाशन,गिरगाव."
260 _c73262
300 _a154
600 _aबगे आशा/सानिया/सासणे भारत/बोकिल मिलिदं.
630 _aवाटा आणि मुक्काम.
700 _aबगे आशा/सानिया/सासणे भारत/बोकिल मिलिदं.
730 _aवाटा आणि मुक्काम.
942 _cBOOK
999 _c1339927
_d1339924